Juraj Sapara : Medaily 1980-2005

Salvato in:
Dettagli Bibliografici
Autore principale: Bencová, Jarmila, 1949- (Autore)
Natura: Libro
Lingua:slovacco
Pubblicazione: Bratislava : Juraj Sapara, 2006
Soggetti:
Tags: Aggiungi Tag
Nessun Tag, puoi essere il primo ad aggiungerne!!

MARC

LEADER 00000nam a22000003a 4500
001 stu288439
005 20150617230253.2
008 140415s2006------------------------slo-d
020 |a 80-969484-6-6 
040 |a STU  |b slo 
041 0 |a slo 
100 1 |a Bencová, Jarmila,  |d 1949-  |4 aut  |u A3130  |U FAD Fakulta architektúry  |T FA Ústav dejín a teórie architektúry a obnovy pamiatok  |X 415  |U A3130  |Y 394  |7 A000000415 
245 1 |a Juraj Sapara :  |b Medaily 1980-2005 
260 |a Bratislava :  |b Juraj Sapara,  |c 2006 
300 |a [24] s 
650 7 |a výtvarníci slovenskí  |2 stusub 
650 7 |a medailérstvo 1980-2005  |2 stusub 
650 7 |a Slovensko  |2 stusub 
650 7 |a 20. storočie  |2 stusub 
650 7 |a 21. storočie  |2 stusub 
996 |b 284AU06087  |c A*8963 U  |l AAKNAR  |s A  |a 24  |w stu288439_0001 
996 |b 284AU06088  |c A*8964 U  |l AAKNAR  |s A  |a 24  |w stu288439_0002